[Event "World Junior U20 Open 2018"]
[Site "Gebze"]
[Date "2018.09.11"]
[Round "7.50"]
[White "Martinez Alcantara, Jose Eduardo"]
[Black "Kilic, Efe Mert"]
[Result "1-0"]
[WhiteElo "2565"]
[BlackElo "2269"]
[Annotator "TA"]
[PlyCount "93"]
[EventDate "2018.09.05"]
[EventType "swiss"]
[EventCountry "TUR"]
[SourceTitle "playchess.com"]
[Source "ChessBase"]
[SourceQuality "1"]

{[%evp 17,93,43,46,25,34,29,42,37,62,45,42,17,35,0,0,-74,28,31,29,39,40,0,51,30,46,53,41,52,96,76,117,124,139,135,164,134,146,154,162,160,195,200,221,221,218,212,314,208,415,414,565,551,581,430,429,429,429,409,379,366,922,914,915,917,860,847,29986,93,29987,29988,29988,1622,1622,1497,5278,1234,3271,2882]} 1. e4 d6 2. d4 Nf6 3. Nc3 e5 4. Nf3 exd4 5. Nxd4 Be7 6. g3 Bg4 {C41: Philidor Defence} (6... Nc6 7. Bg2 Nxd4 8. Qxd4 O-O 9. O-O Re8 10. Re1 Be6 11. e5 dxe5 12. Qxd8 Rexd8 13. Bxb7 Rab8 14. Bg2 {½-½ (62) Guseinov,G (2645)-Carlsen,M (2832) chess.com INT 2017}) 7. f3 Bd7 8. Bg2 O-O 9. O-O Re8 {LiveBook: 6 Games} 10. b3 Nc6 11. Nde2 Bf8 12. Bb2 Ne5 $146 ({Predecessor:} 12... g6 13. Qd2 Bg7 14. Rad1 a5 {1-0 (30) Valsecchi,A (2510)-Chernov,V (2407) Karlsruhe 2018}) 13. Qd2 c6 14. Kh1 Qb6 15. a3 Rad8 16. h3 {[#]} (16. Na4 $11 Qa6 17. Nac3) 16... Ng6 (16... d5 $1 $17 {And now ...dxe4 would win.} 17. f4 Nf3 18. Rxf3 dxe4) 17. f4 $11 Qc7 18. Rae1 Bc8 19. Qd3 b5 ({Black should play} 19... d5 $11) 20. Nd1 $14 d5 {[%cal Rf6e4]} 21. Bxf6 $1 gxf6 22. exd5 cxd5 23. Nd4 a6 24. Ne3 Bb7 25. b4 Qb6 26. c3 Ne7 27. Re2 Nc8 28. Rfe1 f5 29. Nexf5 Rxe2 30. Qxe2 {Hoping for Qg4+.} Qf6 31. Kh2 Nb6 (31... Nd6 {is a better defense.}) 32. Ne3 {[%cal Bf5e3,Be3g4,Bg4e5][%mdl 32]} Rc8 $2 (32... Bc8 33. Qd1 Qh6) 33. Ng4 $18 Qh8 34. Qd3 h5 35. Ne5 Qh7 36. Qxh7+ Kxh7 37. Nxf7 Rxc3 38. Ng5+ Kg8 $2 (38... Kh8 39. Re6 Nd7 40. Nf7+ Kg7) 39. Re6 Nd7 40. Rg6+ Kh8 41. Nde6 {[#] Threatening mate with Nf7+.} Rc2 42. Nf7+ Kh7 43. f5 {[%cal Re6g5]} Bh6 44. Rxh6+ (44. Nxh6 $142 Rxg2+ 45. Kxg2 d4+ 46. Kf2 Bd5 47. Nf7 Bxe6 48. Ng5+ Kh8 49. fxe6) 44... Kg8 {White is clearly winning.} 45. Nd6 {White threatens Rg6+ and mate.} Ne5 46. Nd4 Nf3+ 47. Nxf3 {Precision: White = 69%, Black = 40%.} 1-0

[Event "World Junior U20 Open 2018"]
[Site "Gebze"]
[Date "2018.09.11"]
[Round "7.51"]
[White "Sibashvili, Giorgi"]
[Black "Kara, Yanki"]
[Result "1-0"]
[WhiteElo "2425"]
[BlackElo "2262"]
[Annotator "TA RC"]
[PlyCount "121"]
[EventDate "2018.09.05"]
[EventType "swiss"]
[EventCountry "TUR"]
[SourceTitle "playchess.com"]
[Source "ChessBase"]
[SourceQuality "1"]

{[%evp 35,121,20,25,22,12,12,18,10,25,27,22,22,27,25,27,30,29,21,26,24,25,9,7,6,19,0,8,0,0,0,16,24,14,18,22,8,8,15,29,0,7,0,8,8,8,8,8,8,8,8,8,8,187,0,0,0,84,129,450,582,850,852,719,845,833,833,812,597,844,827,631,576,574,428,6103,220,537,512,29978,29979,29980,29981,29981,29982,29982,29982,29984,29984]} 1. d4 g6 2. c4 Bg7 3. e4 d6 4. Nc3 Nf6 5. Nf3 O-O 6. Be2 e5 7. O-O exd4 8. Nxd4 Re8 9. f3 Nc6 10. Be3 Nh5 11. Qd2 Nf4 12. Rfd1 Nxd4 13. Bxd4 Bxd4+ 14. Qxd4 Nxe2+ {E94: King's Indian: Classical: 6 Be2 e5 7 0-0: Various Black 7th moves} 15. Nxe2 b6 16. Nc3 Bb7 17. Rac1 {[%cal Ba1c1,Bc1c4,Bc4e4][%mdl 32]} Qg5 18. Nd5 Bxd5 $1 {LiveBook: 13 Games} 19. cxd5 Re7 (19... Rac8 20. Qd2 Qe5 21. Qd4 Qg5 22. Qd2 Qe5 23. Qd4 Qg5 24. Qd2 {½-½ (24) Mamedyarov,S (2772)-Radjabov,T (2710) Shamkir 2017}) 20. Qd2 Qe5 21. Rc4 f5 22. Rdc1 fxe4 23. Rxe4 Qf6 $146 24. Qc3 Qxc3 25. Rxc3 Rae8 26. Rxe7 Rxe7 $11 {[%mdl 4096] Endgame KR-KR} 27. Kf2 Re5 28. Rd3 g5 29. b3 a6 30. g3 Kf7 31. f4 gxf4 32. gxf4 Re7 33. Re3 Rd7 $1 34. Kf3 Kf6 35. Re6+ Kf5 36. Re8 a5 37. Rf8+ Kg6 38. f5+ Kg7 39. Re8 Kf7 40. Re6 Rd8 41. Kf4 Rg8 42. Rh6 Kg7 43. Rh3 {Strongly threatening Rg3+.} Rc8 $2 {[#]} (43... Kf6 $11 {and Black is okay.}) 44. Rc3 $2 (44. Kg5 $1 $18) 44... Kf6 45. a4 Kf7 (45... b5 $11 {keeps the balance.}) 46. Rh3 $16 Kg7 $2 {[%mdl 8192] [#]} (46... Rg8 $16) 47. Kg5 $1 $18 Re8 {intending ...Re5.} 48. f6+ Kg8 {[#]} 49. f7+ $1 {[%mdl 512]} Kxf7 50. Rxh7+ Kg8 51. Rxc7 Re5+ 52. Kg6 {White threatens Rc8+ and mate.} Kf8 53. h4 Rxd5 54. h5 Rd3 (54... Rc5 $142 55. Rf7+ Kg8 56. Rg7+ Kh8 57. Rh7+ Kg8 58. Rg7+ Kh8 59. Rh7+ Kg8 60. Rg7+) 55. Rc8+ (55. h6 $142 Rg3+ 56. Kf5) 55... Ke7 56. h6 Rxb3 (56... Kd7 $18 57. h7 Kxc8 58. h8=Q+ Kc7) 57. h7 {White mates.} Rh3 58. h8=Q Rxh8 59. Rxh8 Kd7 60. Rh5 Kc6 61. Rb5 {Precision: White = 67%, Black = 44%.} 1-0

[Event "World Junior U20 Open 2018"]
[Site "Gebze"]
[Date "2018.09.11"]
[Round "7.52"]
[White "Jogstad, Martin"]
[Black "Zarubitski, Viachaslau"]
[Result "0-1"]
[WhiteElo "2305"]
[BlackElo "2425"]
[Annotator "TA"]
[PlyCount "156"]
[EventDate "2018.09.05"]
[EventType "swiss"]
[EventCountry "TUR"]
[SourceTitle "playchess.com"]
[Source "ChessBase"]
[SourceQuality "1"]

{[%evp 20,156,23,25,39,39,37,37,26,24,42,34,27,31,45,45,39,26,24,2,16,14,14,12,27,26,23,14,44,52,48,47,46,39,57,15,14,0,43,43,42,36,38,39,37,22,22,19,18,17,17,19,21,20,27,0,20,9,10,0,0,-35,0,-43,-38,-31,-26,-26,-26,-69,-59,-60,-35,-35,-29,-25,-27,-44,-9,-89,-104,-99,-99,-91,-89,-748,-748,-748,-741,-741,-741,-741,-741,-741,-727,-526,-379,-748,-683,-707,-683,-748,-748,-723,-669,-669,0,-662,-654,-618,-583,-535,-354,-347,-329,-313,-291,-763,-763,-756,-748,-748,-748,-748,-748,-748,-748,-719,-717,-645,-581,-329,0,-322,-307,-296,-281,-312,-312]} 1. d4 d5 2. c4 c6 3. Nf3 Nf6 4. Nc3 dxc4 5. a4 Bf5 6. Ne5 Nbd7 7. Nxc4 Qc7 8. g3 e5 9. dxe5 Nxe5 10. Bf4 Nfd7 11. Bg2 g5 {D17: Slav Defence: 5 a4 Bf5: Lines with 6 Nh4 and 6 Ne5} 12. Ne3 gxf4 13. Nxf5 O-O-O {White is slightly better.} 14. Qc2 Nc5 15. O-O ({Of course not} 15. gxf4 Nc4 $15) 15... fxg3 16. hxg3 a5 17. Rfd1 h5 18. e3 Kb8 19. Rd4 {[#]} Ne6 $146 20. Rxd8+ Qxd8 21. Rd1 Qc7 22. Ne4 Bb4 23. b3 Ng6 24. Qb2 Rd8 25. Qa1 Ka7 26. Bf3 Rxd1+ 27. Qxd1 Qe5 $1 {[%cal Re5f5]} 28. Nfd6 f5 29. Nc4 Qd5 30. Ned6 Qxd1+ 31. Bxd1 Ng7 32. Bc2 Ne7 33. Kg2 Ka6 {...b5 is the strong threat.} 34. Nf7 $1 b5 35. Nce5 $1 Kb6 36. Nd3 Bc3 37. Nfe5 Kc7 38. Nf3 Kd6 39. Ng1 Bf6 40. Ne2 Nd5 41. Kh3 bxa4 42. bxa4 c5 43. Ndf4 $1 Nb6 44. f3 Nc4 45. e4 Ne3 46. Bb1 fxe4 47. Bxe4 c4 48. Bg6 c3 {White should prevent ...Ne6.} 49. Nxh5 (49. g4 $11 {remains equal.}) 49... Nxh5 $17 50. Bxh5 $11 {[%mdl 4096] Endgame KBN-KBN} c2 51. Bg6 Bb2 52. g4 $2 {[%mdl 8192] [#]} (52. Kh4 $17) 52... c1=Q $19 53. Nxc1 Bxc1 54. Kg3 Nd5 55. Be4 Bf4+ 56. Kh4 Nf6 57. Bb1 Nd7 58. Be4 $2 {[#]} (58. g5) 58... Ne5 59. Kh5 Ke7 60. Kh4 Kf6 61. Bb7 Kg6 62. Be4+ Kf6 63. Bb7 $1 Ng6+ 64. Kh3 Kg5 65. Kg2 Ne5 66. Kf2 Bc1 67. Kg3 Bd2 68. Be4 $2 (68. Kf2) 68... Be1+ 69. Kg2 Kf4 70. Bb7 Bh4 71. Kh3 Bg3 72. Kg2 Ng6 73. Kf1 Ke3 74. Kg2 Be1 75. Kf1 Bg3 76. Kg2 Bf4 {Black has a decisive advantage.} 77. Kh3 Kf2 78. Ba8 Bg5 {Precision: White = 35%, Black = 82%.} 0-1

[Event "World Junior U20 Open 2018"]
[Site "Gebze"]
[Date "2018.09.11"]
[Round "7.53"]
[White "Secheres, Adrian-Simion"]
[Black "Rodrigue-Lemieux, Shawn"]
[Result "1-0"]
[WhiteElo "2408"]
[BlackElo "2250"]
[Annotator "ChessBase"]
[PlyCount "111"]
[EventDate "2018.09.05"]
[EventType "swiss"]
[EventCountry "TUR"]
[SourceTitle "playchess.com"]
[Source "ChessBase"]
[SourceQuality "1"]
[TimeControl "40/5400+30:1800+30"]

1. d4 {[%emt 0:00:30]} Nf6 {[%emt 0:00:30]} 2. c4 {[%emt 0:00:30]} e6 {[%emt 0:00:00]} 3. Nc3 {[%emt 0:00:30]} Bb4 {[%emt 0:00:00]} 4. Qc2 {[%emt 0:00:00]} d5 {[%emt 0:00:30]} 5. cxd5 {[%emt 0:00:00]} exd5 {[%emt 0:00:00]} 6. Bg5 {[%emt 0:00:30]} h6 {[%emt 0:05:00]} 7. Bh4 {[%emt 0:00:00]} c5 {[%emt 0:06:30]} 8. dxc5 {[%emt 0:00:00]} g5 {[%emt 0:01:30]} 9. Bg3 {[%emt 0:00:30]} Ne4 {[%emt 0:01:30]} 10. e3 {[%emt 0:00:00]} Qf6 {[%emt 0:06:30]} 11. Nf3 {[%emt 0:00:00]} Nc6 {[%emt 0:01:30]} 12. Bb5 {[%emt 0:13:30]} Nxc3 {[%emt 0:05:30]} 13. Bxc6+ {[%emt 0:01:30]} bxc6 {[%emt 0:00:30]} 14. a3 {[%emt 0:05:30]} Bf5 {[%emt 0:45:30]} 15. Qd2 {[%emt 0:03:30]} Bh3 {[%emt 0:03:11]} 16. Be5 {[%emt 0:12:30]} Qf5 {[%emt 0:00:06]} 17. Bxc3 {[%emt 0:05:30]} Bxg2 {[%emt 0:04:08]} 18. Nd4 {[%emt 0:01:30]} Bxc3 {[%emt 0:04:33]} 19. Qxc3 {[%emt 0:00:30]} Qe5 {[%emt 0:00:41]} 20. Rg1 {[%emt 0:00:30]} Qxh2 {[%emt 0:01:19]} 21. O-O-O {[%emt 0:00:30]} O-O {[%emt 0:06:08]} 22. f4 {[%emt 0:15:30]} Be4 {[%emt 0:02:54]} 23. fxg5 {[%emt 0:00:30]} h5 {[%emt 0:00:33]} 24. Qd2 {[%emt 0:08:30]} Qe5 {[%emt 0:01:41]} 25. Rdf1 {[%emt 0:09:30]} Bg6 {[%emt 0:01:08]} 26. Rf4 {[%emt 0:01:47]} Rac8 {[%emt 0:00:31]} 27. Rg3 {[%emt 0:10:30]} Rfe8 {[%emt 0:00:16]} 28. b3 {[%emt 0:01:25]} h4 {[%emt 0:00:55]} 29. Rh3 {[%emt 0:00:25]} Qxg5 {[%emt 0:00:43]} 30. Rfxh4 {[%emt 0:02:37]} Qg1+ {[%emt 0:00:06]} 31. Qd1 {[%emt 0:01:53]} Qf2 {[%emt 0:00:05]} 32. Ne2 {[%emt 0:03:27]} Rxe3 {[%emt 0:01:11]} 33. Rh8+ {[%emt 0:00:06]} Kg7 {[%emt 0:00:03]} 34. Qd4+ {[%emt 0:00:25]} f6 {[%emt 0:00:30]} 35. Rxe3 {[%emt 0:01:33]} Qe1+ {[%emt 0:00:39]} 36. Kb2 {[%emt 0:01:34]} Qb1+ {[%emt 0:00:09]} 37. Kc3 {[%emt 0:00:03]} Qa1+ {[%emt 0:00:03]} 38. Kb4 {[%emt 0:00:39]} a5+ {[%emt 0:01:34]} 39. Ka4 {[%emt 0:00:00]} Qxd4+ {[%emt 0:01:03]} 40. Nxd4 {[%emt 0:00:00]} Kxh8 {[%emt 0:00:00]} 41. Kxa5 {[%emt 0:04:36]} Be4 {[%emt 0:01:20]} 42. Kb6 {[%emt 0:01:30]} f5 {[%emt 0:00:30]} 43. a4 {[%emt 0:04:30]} f4 {[%emt 0:03:30]} 44. Rh3+ {[%emt 0:00:30]} Kg7 {[%emt 0:00:00]} 45. Ne6+ {[%emt 0:02:30]} Kf6 {[%emt 0:00:00]} 46. Nxf4 {[%emt 0:00:00]} d4 {[%emt 0:03:30]} 47. a5 {[%emt 0:01:00]} Ke5 {[%emt 0:05:55]} 48. Nd3+ {[%emt 0:01:30]} Bxd3 {[%emt 0:00:36]} 49. Rxd3 {[%emt 0:00:30]} Ke4 {[%emt 0:00:00]} 50. Rd1 {[%emt 0:00:30]} Rb8+ {[%emt 0:00:29]} 51. Kxc6 {[%emt 0:00:30]} Rxb3 {[%emt 0:00:30]} 52. Ra1 {[%emt 0:00:00]} d3 {[%emt 0:00:30]} 53. a6 {[%emt 0:00:00]} d2 {[%emt 0:00:45]} 54. a7 {[%emt 0:00:30]} Ra3 {[%emt 0:00:15]} 55. Rxa3 {[%emt 0:00:30]} d1=Q {[%emt 0:00:30]} 56. a8=Q {[%emt 0:00:00]} 1-0

[Event "World Junior U20 Open 2018"]
[Site "Gebze"]
[Date "2018.09.11"]
[Round "7.54"]
[White "Huber, Martin Christian"]
[Black "Nalbant, Tuna Onat"]
[Result "1-0"]
[WhiteElo "2390"]
[BlackElo "2241"]
[Annotator "NA"]
[PlyCount "109"]
[EventDate "2018.09.05"]
[EventType "swiss"]
[EventCountry "TUR"]
[SourceTitle "playchess.com"]
[Source "ChessBase"]
[SourceQuality "1"]
[TimeControl "40/5400+30:1800+30"]

1. Nf3 {[%emt 0:00:30]} d5 {[%emt 0:00:30]} 2. d4 {[%emt 0:00:00]} Nf6 {[%emt 0:00:30]} 3. c4 {[%emt 0:00:00]} e6 {[%emt 0:00:30]} 4. g3 {[%emt 0:00:30]} Be7 {[%emt 0:01:30]} 5. Bg2 {[%emt 0:00:30]} O-O {[%emt 0:00:30]} 6. O-O {[%emt 0:00:00]} c6 {[%emt 0:05:30]} 7. Qc2 {[%emt 0:02:00]} Nbd7 {[%emt 0:00:30]} 8. Rd1 {[%emt 0:01:30]} b6 {[%emt 0:01:30]} 9. b3 {[%emt 0:01:30]} Bb7 {[%emt 0:02:30]} 10. Nc3 {[%emt 0:00:30]} Rc8 {[%emt 0:02:30]} 11. e4 {[%emt 0:01:30]} dxe4 {[%emt 0:02:30]} 12. Nxe4 {[%emt 0:03:30]} Nxe4 {[%emt 0:08:30]} 13. Qxe4 {[%emt 0:00:00]} Re8 {[%emt 0:06:30]} 14. Bf4 {[%emt 0:08:00] LiveBook: 5 Games E08: Closed Catalan: Main Line: 7 Qc2} Nf6 {[%emt 0:04:30]} 15. Qc2 {[%emt 0:02:30]} Bd6 {[%emt 0:04:30]} 16. Bxd6 {[%emt 0:04:30]} Qxd6 {[%emt 0:00:00]} 17. c5 $146 {[%emt 0:00:30]} ({Predecessor:} 17. Ne5 Qe7 18. c5 Nd5 19. Rac1 f6 20. Nf3 Rc7 21. a3 b5 {1-0 (60) Simic,R (2402)-Konjevic,D (2351) Budva 2003}) 17... Qc7 {[%emt 0:06:00]} 18. Ne5 {[%emt 0:03:30]} Nd7 {[%emt 0:10:30]} 19. Nc4 {[%emt 0:06:30]} Rb8 {[%emt 0:07:30]} 20. Nd6 {[%emt 0:04:30]} Red8 {[%emt 0:02:30]} 21. b4 {[%emt 0:11:30]} Nf6 {[%emt 0:04:30]} 22. Rac1 {[%emt 0:04:30]} Bc8 {[%emt 0:07:30]} 23. Qa4 {[%emt 0:12:30]} b5 {[%emt 0:00:30]} 24. Qb3 {[%emt 0:00:30]} Nd5 {[%emt 0:02:57]} 25. f4 {[%emt 0:04:30]} a5 {[%emt 0:04:51]} 26. a3 {[%emt 0:01:30]} g6 {[%emt 0:04:49]} 27. Re1 {[%emt 0:02:30]} Ne7 {[%emt 0:02:50]} 28. Rcd1 {[%emt 0:04:30]} axb4 {[%emt 0:00:47]} 29. axb4 {[%emt 0:00:30]} Nd5 {[%emt 0:03:31]} 30. Bxd5 {[%emt 0:03:29]} exd5 {[%emt 0:00:40]} 31. Ne8 {[%emt 0:01:15]} Qb7 {[%emt 0:00:39]} 32. Qe3 {[%emt 0:02:58]} Bf5 {[%emt 0:02:13]} 33. Nf6+ {[%emt 0:00:29]} Kf8 {[%emt 0:01:03]} 34. Qe5 {[%emt 0:02:49]} Be6 {[%emt 0:00:15]} 35. Nxh7+ {[%emt 0:00:46]} Kg8 {[%emt 0:00:46]} 36. Nf6+ {[%emt 0:00:50]} Kf8 {[%emt 0:00:23]} 37. g4 {[%emt 0:01:07]} Qc8 {[%emt 0:00:42]} 38. Qg5 {[%emt 0:02:38]} Kg7 {[%emt 0:00:31]} 39. f5 {[%emt 0:03:26]} Bxf5 {[%emt 0:00:44]} 40. gxf5 {[%emt 0:00:00]} Qxf5 {[%emt 0:00:00]} 41. Nh5+ {[%emt 0:01:13]} Kh7 {[%emt 0:04:19]} 42. Qxf5 {[%emt 0:00:30]} gxf5 {[%emt 0:00:00]} 43. Rf1 {[%emt 0:01:30]} Ra8 {[%emt 0:04:00]} 44. Rxf5 {[%emt 0:06:30]} Ra4 {[%emt 0:04:30]} 45. Ng3 {[%emt 0:00:30]} Rxb4 {[%emt 0:00:30]} 46. Rxf7+ {[%emt 0:00:00]} Kg8 {[%emt 0:00:41]} 47. Rc7 $18 {[%emt 0:02:00]} Ra8 {[%emt 0:00:40]} 48. Rxc6 {[%emt 0:01:30]} Rb2 {[%emt 0:01:09]} 49. Rd6 {[%emt 0:04:30]} Raa2 {[%emt 0:01:47]} 50. Nf1 {[%emt 0:00:30]} b4 {[%emt 0:00:30]} 51. Rxd5 {[%emt 0:02:30]} b3 {[%emt 0:00:26]} 52. c6 {[%emt 0:00:37]} Rc2 {[%emt 0:05:20]} 53. Rc5 {[%emt 0:00:35]} Rxc5 {[%emt 0:01:13]} 54. dxc5 {[%emt 0:00:18]} Rc2 {[%emt 0:00:00]} 55. c7 {[%emt 0:00:30]} 1-0

[Event "World Junior U20 Open 2018"]
[Site "Gebze"]
[Date "2018.09.11"]
[Round "7.55"]
[White "Tifferet, Shaked"]
[Black "Arcuti, Davide"]
[Result "0-1"]
[WhiteElo "2299"]
[BlackElo "2356"]
[Annotator "NA"]
[PlyCount "82"]
[EventDate "2018.09.05"]
[EventType "swiss"]
[EventCountry "TUR"]
[SourceTitle "playchess.com"]
[Source "ChessBase"]
[SourceQuality "1"]
[TimeControl "40/5400+30:1800+30"]

1. d4 {[%emt 0:00:30]} Nf6 {[%emt 0:00:30]} 2. c4 {[%emt 0:00:30]} e6 {[%emt 0:00:00]} 3. g3 {[%emt 0:00:00]} d5 {[%emt 0:00:00]} 4. Bg2 {[%emt 0:00:00]} Bb4+ {[%emt 0:00:30]} 5. Nd2 {[%emt 0:00:30]} O-O {[%emt 0:03:30]} 6. Ngf3 {[%emt 0:00:30]} b6 {[%emt 0:03:30]} 7. O-O {[%emt 0:01:30]} Bb7 {[%emt 0:01:30]} 8. Ne5 {[%emt 0:00:30]} Re8 {[%emt 0:08:30] E16: Queen's Indian: 4 g3 Bb7 5 Bg2 Bb4+} (8... Bd6 9. cxd5 exd5 10. Ndc4 Be7 11. Bf4 Ne4 12. Nd2 Ng5 13. Bxg5 Bxg5 14. Rc1 Re8 15. e3 c5 16. dxc5 Rxe5 17. f4 Nc6 18. fxe5 Nxe5 {½-½ (44) Xu,X (2574)-Bu,X (2725) China 2018}) 9. a3 {[%emt 0:00:30]} Bf8 {[%emt 0:05:30]} 10. b4 {[%emt 0:00:30]} Nbd7 {[%emt 0:08:30]} 11. Bb2 {[%emt 0:00:00]} c5 {[%emt 0:10:30]} 12. bxc5 {[%emt 0:06:00]} bxc5 {[%emt 0:01:30]} 13. Nxd7 {[%emt 0:12:30]} Nxd7 {[%emt 0:00:30]} 14. Rb1 {[%emt 0:23:30] [#]} Nb6 $146 {[%emt 0:08:30]} ({Predecessor:} 14... Rb8 15. cxd5 Bxd5 16. Bxd5 exd5 17. dxc5 Nxc5 {½-½ (32) Virovlansky,S (2445)-Swiercz,D (2585) Golden Sands 2012}) 15. Re1 {[%emt 0:20:30]} Rc8 {[%emt 0:05:30]} 16. dxc5 {[%emt 0:01:30]} Bxc5 {[%emt 0:01:30]} 17. e3 {[%emt 0:01:30]} Bf8 {[%emt 0:03:30]} 18. h4 {[%emt 0:04:30]} Ba8 {[%emt 0:03:30]} 19. cxd5 {[%emt 0:01:30]} Bxd5 {[%emt 0:01:30]} 20. e4 {[%emt 0:06:22]} Ba8 {[%emt 0:01:30]} 21. Rc1 {[%emt 0:01:26]} Rxc1 {[%emt 0:01:30]} 22. Bxc1 {[%emt 0:00:40]} Qd4 {[%emt 0:05:30]} 23. Qg4 {[%emt 0:04:07]} Nd7 {[%emt 0:06:27]} 24. Nf3 {[%emt 0:01:08]} Qc3 $15 {[%emt 0:01:18]} 25. Bd2 {[%emt 0:02:03]} Qxa3 {[%emt 0:01:26]} 26. e5 {[%emt 0:00:15]} Qd3 {[%emt 0:01:21]} 27. Bg5 {[%emt 0:07:20]} Rb8 {[%emt 0:04:38]} 28. h5 {[%emt 0:02:59]} Rb4 {[%emt 0:00:36]} 29. Bf4 {[%emt 0:00:18]} h6 {[%emt 0:01:08]} 30. Nh4 {[%emt 0:01:15]} Bxg2 {[%emt 0:00:54]} 31. Nxg2 {[%emt 0:00:21]} Rb1 {[%emt 0:03:18]} 32. Kh2 {[%emt 0:00:12]} Rxe1 {[%emt 0:02:34]} 33. Nxe1 {[%emt 0:00:30]} Qf1 {[%emt 0:00:30]} 34. Ng2 {[%emt 0:00:30]} Qxf2 {[%emt 0:00:30]} 35. Be3 {[%emt 0:00:30]} Nxe5 {[%emt 0:00:30]} 36. Qe4 {[%emt 0:00:30]} Qf6 {[%emt 0:00:30]} 37. Nf4 {[%emt 0:00:30]} Ng4+ {[%emt 0:00:30]} 38. Kh3 {[%emt 0:00:30]} Nxe3 {[%emt 0:00:30]} 39. Qxe3 {[%emt 0:00:30]} a5 {[%emt 0:00:30]} 40. Qb3 {[%emt 0:00:30]} Qf5+ {[%emt 0:00:00]} 41. Kg2 {[%emt 0:04:34]} Bd6 {[%emt 0:05:20]} 0-1

[Event "World Junior U20 Open 2018"]
[Site "Gebze"]
[Date "2018.09.11"]
[Round "7.56"]
[White "Noboa, Kevin"]
[Black "Murzin, Volodar"]
[Result "0-1"]
[WhiteElo "2256"]
[BlackElo "2349"]
[Annotator "TA"]
[PlyCount "90"]
[EventDate "2018.09.05"]
[EventType "swiss"]
[EventCountry "TUR"]
[SourceTitle "playchess.com"]
[Source "ChessBase"]
[SourceQuality "1"]

{[%evp 24,90,70,6,0,-8,35,-6,-10,-27,-24,-32,-17,-14,-14,-8,7,0,0,0,10,0,0,0,0,-116,-42,-209,-198,-501,-472,-497,-498,-464,-477,-494,-489,-434,-356,-352,-333,-310,-233,-220,-230,-216,-205,-209,-223,-196,-206,-599,-593,-595,-605,-734,-667,-836,-814,-2789,-2638,-29959,-10903,-29984,-29985,-29987,-29988,-29989,-29990]} 1. d4 Nf6 2. c4 g6 3. Nc3 Bg7 4. Nf3 O-O 5. Bg5 d6 6. e3 h6 7. Bh4 g5 8. Bg3 Nh5 9. Bd3 {E61: King's Indian: Early deviations for White, including Smyslov System} f5 10. Nd2 Nxg3 11. hxg3 c5 12. d5 e6 (12... Nd7 13. f4 Nf6 14. Qe2 gxf4 15. gxf4 Ng4 16. e4 fxe4 17. Qxe4 {0-1 (34) Indjic,A (2581)-Amin,B (2680) Abu Dhabi 2017}) 13. Qc2 {LiveBook: 10 Games} ({Better is} 13. g4 $1 $14) 13... exd5 $11 14. Nxd5 Nc6 15. O-O $146 ({Predecessor:} 15. g4 fxg4 16. Bh7+ Kh8 17. Ne4 {0-1 (52) Krylov,M (2480)-Glek,I (2528) Moscow 2009}) 15... Be6 16. a3 Ne5 17. Rad1 Bxd5 18. cxd5 Qd7 19. Be2 Rae8 20. b4 cxb4 21. axb4 f4 $1 22. Bh5 Rc8 23. Qe4 {[%cal Re3f4]} fxg3 24. f4 (24. fxg3 $11 {remains equal.} Qc7 25. Nb3) 24... gxf4 (24... Ng4 $17 {Hoping for ...Nf2.} 25. Bxg4 Qxg4 26. fxg5 Qh5 27. Qe6+ Kh8) 25. exf4 $2 {[#]} (25. Rxf4 $15 Kh8 26. Be2) 25... Ng4 $1 $19 26. Qe6+ $2 (26. Qg6 Ne3 27. Rde1 Nxf1 28. Bg4) 26... Qxe6 27. dxe6 Bd4+ 28. Kh1 Nf2+ 29. Rxf2 Bxf2 30. Bf7+ Rxf7 31. exf7+ Kxf7 {[%mdl 4096] Endgame KRB-KRN} 32. Ne4 Kf8 33. Nxf2 gxf2 {KR-KR} 34. g3 Re8 {[#] ( -> ...Re1+)} 35. Rf1 Re4 36. Rxf2 Rxb4 {...a5 is the strong threat.} 37. Rc2 $2 (37. Ra2 {is more resistant.}) 37... a5 {[%cal Ba7a5,Ba5a4,Ba4a3][%mdl 32]} 38. Kg2 a4 39. Kh3 Kf7 40. Kg4 a3 41. Ra2 Ra4 42. Kh5 b5 {[%cal Bb7b5,Bb5b4,Bb4b3,Bb3b2][%mdl 32]} 43. Kxh6 b4 {Black mates.} 44. g4 b3 45. Rd2 b2 {Precision: White = 24%, Black = 78%.} 0-1